000
00343nam a2200157Ia 4500
003
OSt
005
20231121044347.0
008
170524s9999 xx 000 0 und d
020
_a
0-19-568911-9
040
_c
IIMT
100
_a
Roday Sunetra
245
0
_a
Food Science and Nutrition
260
_b
Oxford
260
_c
2007
942
_2
ddc
_c
02
999
_c
7488
_d
7488